The book of ballets, classic and modern /

Bibliographic Details
Main Author: Goode, Gerald
Format: Book
Language:English
Published: New York : Crown publishers, [1939]
Subjects:

MARC

Tag First Indicator Second Indicator Subfields
LEADER 00000cam a22000001 4500
001 in00002012167
005 20151031153843.0
008 781018s1939 nyuacfg b 000 0 eng
010 |a  39033736  
019 |a 174316  |a 552985 
035 |a (OCoLC)ocm05030526 
040 |a DLC  |c DLC  |d OCL  |d UtOrBLW 
049 |a TXAM 
050 0 0 |a MT95  |b .G7 
051 |a GV1787  |b .G6  |c Copy 2. 
100 1 |a Goode, Gerald. 
245 1 4 |a The book of ballets, classic and modern /  |c edited by Gerald Goode; introduction by Leonide Massine. 31 colored illustrations by Matisse, Picasso, Berard, etc., 200 halftone illustrations. 
264 1 |a New York :  |b Crown publishers,  |c [1939] 
300 |a x, 246 pages :  |b color frontispiece, illustrations (music) plates (part color) portraits ;  |c 26 cm. 
336 |a text  |b txt  |2 rdacontent 
337 |a unmediated  |b n  |2 rdamedia 
338 |a volume  |b nc  |2 rdacarrier 
504 |a Bibliography: pages 245-246. 
536 |a From the Howard Mayer Brown, Edward Downes and Mary Schieffelin Book Collections, October 2004. 
650 0 |a Ballets  |v Stories, plots, etc. 
948 |a cataloged  |b cmulkey  |c 2004/12/17  |d 9:55:23 am 
994 |a C0  |b TXA 
999 |a MARS 
999 f f |s 9bab20cc-cd92-3fdb-8c94-ef2cb2e7f0ad  |i 8d4fd3c8-bd53-3920-a729-1d5c5fa7eb62  |t 0 
952 f f |p normal  |a Texas A&M University  |b College Station  |c Sterling C. Evans Library  |d Evans: Library Stacks  |t 0  |e MT95 .G7  |h Library of Congress classification  |i unmediated -- volume  |m A14831658249 
998 f f |a MT95 .G7  |t 0  |l Evans: Library Stacks